Tintin et les couleurs - Statistiques

Statistiques générales
  • Ce quiz a été pris 97 fois
  • Le résultat moyen est 9 sur 10
Statistiques - réponses
Hint Réponse % Correct
Couleur de la tête du Docteur Müller après s'être tiré dessus avec le pistolet à encre d'Abdallah dans Tintin au pays de l'or noir Noir
100%
Couleur du drap avec lequel Haddock se déguise pour faire réagir Tournesol avant de le traiter de zouave dans "Objectif Lune" Blanc
99%
Couleur de ce que mange Haddock dans Tintin au Tibet, lui donnant la bouche en feu Rouge
99%
Couleur du visage des professeurs Calys et Cantonneau quand ils ont le mal de mer dans "L'Etoile mystérieuse" Vert
98%
Couleur de ce qui fond sur la tête des Dupond et Dupont après avoir mis leur chapeau sortis de la machine de reproduction de Tournesol dans "Tintin et le lac aux requins" Jaune
94%
Couleur du seau qui tombe sur la tête de Haddock en ouvrant la porte de son château (farce d'Abdallah) Bleu
93%
Couleur de la pipe de Haddock Marron
91%
Couleur du soulier à semelle magnétique que Haddock n'a pas eu le temps de mettre et le fait voltiger dans la fusée de "On a marché sur la lune" Orange
88%
Couleur du plumeau de Nestor Gris
83%
Couleur du sparadrap dont Haddock a du mal à se débarrasser dans "L'Affaire Tournesol" Rose
79%
Aucun quiz correspondant
Distribution des résultats
% des personnes avec chaque résultat
Percentile par nombre de réponses
Votre historique - résultats
Vous n’avez pas pris ce quiz